| 000 | 01374nam0a22002651 4500 | ||
|---|---|---|---|
| 001 | rc\3451751 | ||
| 005 | 20130115123545.6 | ||
| 021 |
_aRU _b89-ВП-1012/25,26 |
||
| 035 | _a(NLR Aleph) 007881421 | ||
| 090 |
_a7920242 _c7920242 |
||
| 100 | _a20130115d1972 |||y0rusy50 ca | ||
| 101 | 0 | _arus | |
| 102 | _aRU | ||
| 105 | _aa z ||||| | ||
| 200 | 1 |
_aОПЫТ работы Интинского ремонтно-механического завода _f[Сост. С.Н. Березиным] |
|
| 210 |
_aМосква _cЦНИЭИуголь _d1972 |
||
| 215 |
_a17 с. _cил. _d20 |
||
| 225 | 1 |
_aЭкспресс-информация _fМ-во угол. пром-сти СССР, ЦНИИ экономики и НТИ угол. пром-сти _iСерия "Механизация и автоматизация производственных процессов" _hРаботникам энерго-механических служб, рудоремонтных заводов и ЦЭММ |
|
| 702 | 1 |
_aБерезин _bС. Н. _4220 |
|
| 712 | 0 | 2 |
_aЦентральный институт информации и технико-экономических исследований угольной промышленности _cМосква _3RU\NLR\AUTH\888204 |
| 801 | 0 |
_aRU _bNLR _gpsbo |
|
| 801 | 1 |
_aRU _bELAR _2rusmarc |
|
| 852 |
_aNLR _j89-4/8718 |
||
| 942 | _cBOOK | ||
| 980 | _aNB | ||